| 000 | 00392nam a22001457a 4500 | ||
|---|---|---|---|
| 005 | 20250926095823.0 | ||
| 008 | 250926b |||||||| |||| 00| 0 eng d | ||
| 020 | _a8122004490 | ||
| 050 |
_aS494 _b.5 SWA |
||
| 100 | _aSWAMINATHAN M S | ||
| 245 | _aSUSTAINABLE AGRICULTURE TOWARDS FOOD SECURITY | ||
| 260 |
_aDELHI _bKONARK PUBLISHING PVT LTD _c1996 |
||
| 300 | _avii,259p | ||
| 942 |
_2lcc _cBK _n0 |
||
| 999 |
_c7743 _d7743 |
||